Países por Imágenes Parciales de Banderas #6 - Estadísticas

Estadísticas generales
  • Esta prueba ha sido intentada 37 veces
  • La puntuación promedio es 13 de 16
Estadísticas de respuestas
Imagen Hint Respuesta % Correcto
Cuba
100%
Italia
97%
República Checa
97%
Eslovaquia
94%
Baréin
88%
Lituania
88%
bandera de proa Perú
85%
Liberia
82%
Liechtenstein
79%
Brunéi
76%
Estados Federados de Micronesia
76%
Kirguistán
76%
Libia
76%
Eritrea
73%
Vanuatu
73%
Omán
55%
No se encontraron pruebas coincidentes
Distribución de puntuación
Porcentaje de gente con cada puntuación
Porcentaje por número respondido
Historial de tus puntuaciones
No has intentado esta prueba.